000 00747nam a22002177a 4500
005 20251108173435.0
008 250721s2007 xx 000 0 ara d
020 _a9957074717
082 1 4 _a150/كام
100 1 _aكاميك، بول م.
245 1 0 _aالبحث النوعي في علم النفس منظور موسع في المنهجية و التصميم /
246 1 1 _aQualitative Reasearch in Psychology
264 1 _aعمان :
_bدارالفكر ناشرون و موزعون،
_c2007.
300 _a395 ص.
650 1 7 _aعلم النفس
700 1 _aرووس، جان إ.
700 1 _aياردلي، لوسي
700 1 _aعلام، صلاح الدين محمود
_eمترجم
942 _2ddc
_cBK
999 _c103963
_d103963